| 000 | 00609nam a2200181 i 4500 | ||
|---|---|---|---|
| 001 | 56987 | ||
| 003 | ES-MaACL | ||
| 005 | 20250820122305.0 | ||
| 007 | t| | ||
| 008 | 031014s1966 sp ||||1| cat d | ||
| 245 | 0 | 0 |
_aDirectori de pastoral catequètica (en ús a les diáocesis de Franca) / _cpróleg de Josep M. Totosaus ; [traducció d'Assumpta Corrons]. |
| 260 |
_aBarcelona : _bHogar del Libro, _c[1966] |
||
| 300 |
_a95 p. ; _c20 cm. |
||
| 700 | 1 |
_aTotosaus, Josep Mª, _d1932-2014 _9111112 |
|
| 700 | 1 |
_aCorrons, Assumpta. _940791 |
|
| 852 |
_aES-MaACL _jC-33533 _bR.64361 |
||
| 999 |
_c56987 _d56987 |
||